000 00386nam a2200157Ia 4500
003 0STCL
008 150530s9999 xx 000 0 und d
040 _aSTCL
_cSTCL
100 _aRock, R.N.H.
245 _aAusgewahlte moderne trennverfahren zur reinigung organischer stoffe
260 _c1957
546 _aEnglish
942 _2ddc
_cBK
999 _c32139
_d32139
005 20220125170236.0